00692nam a2200217 a 450000100060000000300080000600500170001400800410003103500190007204000420009104100080013308200200014110000350016124501040019626000390030030000250033950000190036465000140038365000300039770000470042741824BD-RjUL20211209053445.0160606s1957 ilu b 001 0 eng d a(BD-RjUL)41942 aDLCcWCWdOCLdSLUdEQOdBD-RjULbeng aeng a321.6bJAA 19571 aJászi, Oszkár,d1875-1957.10aAgainst the tyrant :bthe tradition and theory of tyrannicide /cby Oscar Jászi and John D. Lewis aGlencoe, Ill :bFree Press,cc1957 aix, 288 p. ;c22 cm. aIncludes index 0aDictators 0aGovernment, Resistance to1 aLewis, John D.q(John Donald),d1905-1988.